| 000 | 02219njm a2200397Ia 4500 | ||
|---|---|---|---|
| 001 | 24154 | ||
| 003 | IT-RoPAU | ||
| 005 | 20220918181112.0 | ||
| 008 | 131025s9999 xx 000 0 und d | ||
| 040 | _aIT-RoPAU | ||
| 040 | _cIT-RoPAU | ||
| 999 |
_c99079 _d99079 |
||
| 999 | _bn.d. | ||
| 100 |
_aAA.VV. _9794 |
||
| 100 |
_eAutore musica _99242 |
||
| 100 |
_gCodice autore musica SPICS: 12000 _9796 |
||
| 245 | _aAmore grande amore libero (Guardiano del faro) | ||
| 250 | _a1a ed. | ||
| 260 | _aROMA | ||
| 260 |
_bRCA (RADIO CORP. AMERICA) _c1975 [1a Ed.:1975 - Ed. Lingua Orig.: 1975] |
||
| 300 | _aDISCO | ||
| 500 | _aBrani tratti dalle colonne sonore di film. Musica da film. Strumentale | ||
| 505 | _aAmore grande amore libero - Questa sera o mai più - Natalì - Pensiero segreto - From Russia With Love dal film "007 Dalla Russia con Amore" - Smoke Gets in Your Eyes - Il padrino II - My Little Friends dal film "Paper Tiger" - Vivere a due - You Are You - Una donna come te - Guarda è mattino | ||
| 650 |
_aCOLONNA SONORA [DISCHI] _eCodice MATERIA SPICS: 9950 _99243 |
||
| 700 |
_aGuardiano del Faro _gCodice interprete SPICS: 10936 _eInterprete _99244 |
||
| 700 |
_aLibano Giulio _eAutore _gCodice autoreSPICS: 14450 _99245 |
||
| 700 |
_aArfemo _eAutore musica _gCodice autore musica SPICS: 14447 _pAmore grande amore libero - Questa sera o mai più - Pensiero segreto - Guarda è mattino _99246 |
||
| 700 |
_aBalsamo Umberto _eAutore musica _gCodice autore musica SPICS: 14454 _pNatalì _99247 |
||
| 700 |
_aBart Lionel _eAutore musica _gCodice autore musica SPICS: 14455 _pFrom Russia With Love _99248 |
||
| 700 |
_aHarbach Otto _eAutore musica _gCodice autore musica SPICS: 14456 _pSmoke Gets in Your Eyes _99249 |
||
| 700 |
_aKern Jerome _eAutore _gCodice autore SPICS: 10779 _pSmoke Gets in Your Eyes _99250 |
||
| 700 |
_aRota Nino _eAutore musica _gCodice autore musica SPICS: 11128 _pIl padrino II _99251 |
||
| 700 |
_aBudd Roy _eAutore musica _gCodice autore musica SPICS: 14457 _pMy Little Friends _99252 |
||
| 700 |
_aO'Sullivan Gilbert _eAutore musica _gCodice autore musica SPICS: 14458 _pYou Are You _99253 |
||
| 700 |
_aFerrari F. _eAutore musica _gCodice autore musica SPICS: 14459 _pUna donna come te _99254 |
||
| 942 |
_cMD _2ddc |
||